000 00409nam a2200157 u 4500
005 20210219164000.0
008 190918s1990 r 000 0 eng d
020 _a9688530441
035 _aUPN01000232890
100 1 _aJung, Carl Gustav
245 1 0 _aPsicología y Educación /
_cCarl Gustav Jung.
260 _aMéxico :
_bPaidós,
_c[1990].
300 _a101 p.
905 _aLibro
999 _c204985
_d204985